[Event "Athens Erythraias op 2rd"]
[Site "Athens"]
[Date "2015.04.02"]
[Round "6"]
[White "Louka, Magdalini"]
[Black "Ilaridis, Mihail"]
[Result "1/2-1/2"]
[WhiteElo "1589"]
[BlackElo "1523"]
[PlyCount "61"]
[EventDate "2015.01.30"]
[EventType "swiss"]
[EventRounds "7"]
[EventCountry "GRE"]
[SourceTitle "EXT 2024"]
[Source "ChessBase"]
[SourceDate "2023.10.10"]
[SourceVersion "1"]
[SourceVersionDate "2023.10.10"]
[SourceQuality "1"]

1. e4 e6 2. d4 d5 3. Nd2 Nf6 4. e5 Nfd7 5. f4 c5 6. Ngf3 Nc6 7. Nb3 cxd4 8. Nbxd4 a6 9. Be2 Be7 10. 0-0 Qb6 11. Kh1 Nxd4 12. Nxd4 0-0 13. c3 f5 14. Qc2 Nc5 15. Be3 Bd7 16. b4 Ne4 17. Nxf5 Qd8 18. Nxe7+ Qxe7 19. Bd3 Qh4 20. Bxe4 dxe4 21. Qxe4 Bc6 22. Qc2 Rac8 23. Rad1 Qg4 24. Rd4 Rf5 25. Rd6 Rh5 26. f5 Qg3 27. Bg1 exf5 28. Rxf5 Bxg2+ 29. Qxg2 Qxg2+ 30. Kxg2 Rxf5 31. Bd4 1/2-1/2

[Event "Fyli op 3rd"]
[Site "Fyli"]
[Date "2011.09.30"]
[Round "3"]
[White "Diamantis, Georgios D"]
[Black "Ilaridis, Mihail"]
[Result "0-1"]
[WhiteElo "1670"]
[BlackElo "1499"]
[PlyCount "84"]
[EventDate "2011.09.16"]
[EventType "swiss"]
[EventRounds "7"]
[EventCountry "GRE"]
[SourceTitle "EXT 2013"]
[Source "ChessBase"]
[SourceDate "2012.11.22"]
[SourceVersion "1"]
[SourceVersionDate "2012.11.22"]
[SourceQuality "1"]

1. Nf3 g6 2. d4 Bg7 3. e4 d6 4. Be3 e6 5. Nc3 Ne7 6. Qd2 h6 7. g3 Nd7 8. Nh4 g5 9. Ng2 Nf6 10. f4 gxf4 11. gxf4 b6 12. Be2 Bb7 13. Bf3 d5 14. e5 Nd7 15. Nh4 Ng6 16. Nxg6 fxg6 17. 0-0-0 Qe7 18. Rhg1 Nf8 19. f5 gxf5 20. Bh5+ Kd7 21. Rg2 Rh7 22. Rdg1 Kc6 23. Qd3 a6 24. Nxd5 exd5 25. e6 b5 26. Qxf5 Rd8 27. Bf7 Bf6 28. Rg8 Rxf7 29. exf7 Qxe3+ 30. Kb1 Qxd4 31. c3 Qe4+ 32. Qxe4 dxe4 33. Rf1 Be7 34. Rh8 Rd6 35. Rf5 Re6 36. Kc1 Kd6 37. Kd1 e3 38. Ke2 b4 39. Rf1 Be4 40. Rd1+ Kc6 41. b3 bxc3 42. Rg8 Bd3+ 0-1

[Event "Fyli op 2nd"]
[Site "Fyli"]
[Date "2011.04.29"]
[Round "2"]
[White "Papadopoulos, Georgios2222"]
[Black "Ilaridis, Mihail"]
[Result "1-0"]
[WhiteElo "1852"]
[BlackElo "1275"]
[PlyCount "59"]
[EventDate "2011.04.15"]
[EventType "swiss"]
[EventRounds "7"]
[EventCountry "GRE"]
[SourceTitle "EXT 2013"]
[Source "ChessBase"]
[SourceDate "2012.11.22"]
[SourceVersion "1"]
[SourceVersionDate "2012.11.22"]
[SourceQuality "1"]

1. e4 e6 2. d4 d5 3. Nd2 dxe4 4. Nxe4 Bd7 5. Nf3 Bc6 6. Bd3 Nd7 7. 0-0 Bxe4 8. Bxe4 c6 9. c4 Ngf6 10. Bc2 Be7 11. h3 0-0 12. Re1 c5 13. b3 cxd4 14. Nxd4 a6 15. Bb2 Qc7 16. Qf3 Rfd8 17. Rad1 h6 18. Bb1 Ne8 19. Nf5 Bf6 20. Nd4 Nc5 21. Qg4 Kh8 22. b4 Nd7 23. Qe4 g6 24. Nxe6 fxe6 25. Qxg6 Ne5 26. Qxh6+ Kg8 27. Rxd8 Nf3+ 28. gxf3 Bxb2 29. Qxe6+ Kh8 30. Rxe8+ 1-0

[Event "Fyli op 2nd"]
[Site "Fyli"]
[Date "2011.04.15"]
[Round "1"]
[White "Ilaridis, Mihail"]
[Black "Diamandis, Odysseas"]
[Result "1-0"]
[WhiteElo "1275"]
[BlackElo "1000"]
[PlyCount "73"]
[EventDate "2011.04.15"]
[EventType "swiss"]
[EventRounds "7"]
[EventCountry "GRE"]
[SourceTitle "EXT 2013"]
[Source "ChessBase"]
[SourceDate "2012.11.22"]
[SourceVersion "1"]
[SourceVersionDate "2012.11.22"]
[SourceQuality "1"]

1. d4 d5 2. Nf3 Nc6 3. a3 Bg4 4. e3 e6 5. Nbd2 Nf6 6. c4 Ne4 7. cxd5 exd5 8. Bb5 Qd7 9. Qa4 Bd6 10. 0-0 a6 11. Ne5 Bxe5 12. dxe5 Nc5 13. Bxc6 Qxc6 14. Qxg4 0-0 15. Qd4 Ne6 16. Qd3 Nc5 17. Qe2 Rfe8 18. b4 Nd7 19. f4 Re7 20. Bb2 Rae8 21. Nf3 f6 22. Rac1 Qb6 23. Bd4 Qb5 24. Qxb5 axb5 25. Rxc7 Nb8 26. Rxe7 Rxe7 27. Bc5 Re8 28. Rd1 fxe5 29. Nxe5 Nc6 30. Rxd5 Nxe5 31. fxe5 Re6 32. Bd4 Kf7 33. Rxb5 Re7 34. Rb6 Rc7 35. e6+ Ke8 36. Bc5 Rc6 37. e7 1-0